000 00796cam a22002657a 4500
001 16687183
005 20180223074517.0
008 110310s1999 txua 000 0 eng d
010 _a 2011280879
020 _a9781885477521 (pbk.)
020 _a188547752X (pbk.)
035 _a(OCoLC)ocm41963163
040 _aYNG
_cYNG
_dOCLCQ
_dBAKER
_dUQ1
_dDLC
041 _aeng
042 _alccopycat
043 _an-us---
080 _a371.94 bat
082 0 0 _a371.94 bat
_223
100 1 _a48
101 _aedu
245 1 0 _aCreating a "win-win IEP" for students with autism /
_cBeth Fouse.
906 _a7
_bcbc
_ccopycat
_d2
_encip
_f20
_gy-gencatlg
942 _2ddc
_cBK
999 _c43273
_d43273